000 00879cab a2200253 4500
001 WB3031-43
008 090401t1994 xxu||||| |||| 00| 0 eng d
035 _a(Sirsi) u30189
041 _aeng
245 _aDamages for breach of contract
260 _c1994
350 _a0
490 _aEstates Gazette Case Summaries
_v(1994) EGCS 141(1) (6.8.94)
520 _a"Barclays Bank plc v Fairclough Building Ltd" ORB 7 July 1994. The Official Referee assessed damages arising out of a CA judgment (Abs49126) that the defendant was in breach of contract.
650 _aASBESTOS REGULATIONS
650 _aCOMPETENCE
650 _aCONTRIBUTORY NEGLIGENCE
650 _aLAW REFORM (CONTRIBUTORY NEGLIGENCE) ACT 1945
650 _aRECLADDING
650 _aSUBCONTRACTORS
690 _aLANDLORD AND TENANT-CASE LAW-BUSINESS TENANCIES
942 _n0
948 _c04/03/1997
999 _c20341
_d20341